Modulador DPSK
Uloženo v:
| Hlavní autor: | |
|---|---|
| Médium: | Kniha |
| Vydáno: |
[San José , Costa Rica]
1985
|
| Tagy: |
Přidat tag
Žádné tagy, Buďte první, kdo vytvoří štítek k tomuto záznamu!
|
MARC
| LEADER | 00000nam a2200000Ia 4500 | ||
|---|---|---|---|
| 003 | 004337 | ||
| 005 | 20221231144404.0 | ||
| 008 | 140114s1985 cr a m 000 ||s d | ||
| 040 | |c cru CEDI | ||
| 090 | |a TFG 1678 | ||
| 100 | |a Vega Brenes, Randall |9 14596 | ||
| 245 | |a Modulador DPSK | ||
| 260 | |c 1985 |a [San José , Costa Rica] | ||
| 300 | |a x,42 hojas :ilustraciones | ||
| 500 | |a Proyecto de graduación (bachiller en ingeniería eléctrica)--Universidad de Costa Rica. Facultad de Ingeniería. Escuela de Ingeniería Eléctrica."IE-502 Proyecto Eléctrico" | ||
| 942 | |c TFG | ||
| 999 | |c 21138 |d 21138 | ||
